000 00917nam a2200265Ia 4500
003 OSt
005 20221005103934.0
006 a|||||r|||| 00| 0
007 ta
008 221004b |||||||| |||| 00| 0 hin d
020 _a9789381692165 (hbk)
_c320
024 _a3641
037 _b2007, 08/03/2013, Tej Prakashan
_cTextual
040 _aCRL
_cCRL
_bhin
041 _2hin
_ahin
082 _aO152,3N78x, Q3
100 _aअखिलेश कुमार
245 0 _aकिश्त - दर - किश्त सवेरा
246 _aKishta - dar - kishta saverā
260 _aदिल्ली
_bगौरव बुक्स भारत
_c2013
300 _a95पृ0
_ccm.
650 _aहिन्दी साहित्य
942 _hO152,3N78x, Q3
_cTEXL
_2cc
999 _c1011338
_d1011338